[Event "12. Lovsprings EMT Basis 2 2001"]
[Site "Ringsted"]
[Date "2001.03.02"]
[Round "1"]
[White "Eckert, Svend"]
[Black "Jensen, Soren3"]
[Result "1-0"]
[WhiteElo "1642"]
[BlackElo "1501"]
[PlyCount "37"]
[EventDate "2001.??.??"]

1. c4 f5 2. d4 Nf6 3. Nc3 b6 4. Nf3 Bb7 5. Nh4 e6 6. Bg5 Bb4 7. a3 Bxc3+ 8.
bxc3 O-O 9. d5 Qe8 10. Bxf6 Rxf6 11. g3 e5 12. Bh3 f4 13. Bf5 g5 14. Rg1 gxh4
15. gxf4+ Kf8 16. Bxh7 Qf7 17. fxe5 Rxf2 18. Rg8+ Ke7 19. d6+ 1-0

[Event "12. Lovsprings EMT Basis 2 2001"]
[Site "Ringsted"]
[Date "2001.03.02"]
[Round "1"]
[White "Petersen, Torben William"]
[Black "Pedersen, Kaj Vinding"]
[Result "0-1"]
[WhiteElo "1389"]
[BlackElo "1513"]
[PlyCount "32"]
[EventDate "2001.??.??"]

1. d4 Nf6 2. c4 e5 3. dxe5 Ng4 4. Nf3 Nc6 5. Bf4 Bb4+ 6. Nbd2 Qe7 7. e3 Ngxe5
8. Be2 O-O 9. O-O Bxd2 10. Qxd2 d6 11. Qc2 Nxf3+ 12. Bxf3 Ne5 13. Be4 Ng6 14.
Rfe1 Re8 15. h3 Qxe4 16. Qe2 Nxf4 0-1

[Event "12. Lovsprings EMT Basis 2 2001"]
[Site "Ringsted"]
[Date "2001.03.02"]
[Round "1"]
[White "Wagner, Tim"]
[Black "Elholm, Tommy"]
[Result "1/2-1/2"]
[WhiteElo "1517"]
[BlackElo "1606"]
[PlyCount "53"]
[EventDate "2001.??.??"]

1. e4 c5 2. Nf3 d5 3. exd5 Qxd5 4. Nc3 Qd8 5. Bc4 e6 6. d4 a6 7. a4 Nf6 8. Bg5
h6 9. Bh4 Nbd7 10. Qd3 Qb6 11. O-O Be7 12. d5 Nf8 13. Rfe1 g5 14. a5 Qd8 15.
Bg3 exd5 16. Bxd5 Ne6 17. Red1 O-O 18. Ne5 Qe8 19. Ne4 Nxd5 20. Qxd5 f5 21. Nd6
Bxd6 22. Qxd6 f4 23. Ng4 Qh5 24. Ne5 fxg3 25. fxg3 Nd4 26. Qg6+ Qxg6 27. Nxg6
1/2-1/2

[Event "12. Lovsprings EMT Basis 2 2001"]
[Site "Ringsted"]
[Date "2001.03.02"]
[Round "1"]
[White "Christensen, Michael"]
[Black "Jorgensen, Michael2"]
[Result "0-1"]
[WhiteElo "1358"]
[BlackElo "1321"]
[PlyCount "82"]
[EventDate "2001.??.??"]

1. e4 c5 2. Nf3 d6 3. d4 cxd4 4. Nxd4 Nf6 5. Nc3 a6 6. Bd3 e5 7. Nf3 Be7 8. Bg5
Be6 9. Bxf6 Bxf6 10. h3 Nc6 11. a3 Ne7 12. Qd2 Ng6 13. Ne2 h6 14. Qb4 Qd7 15.
Bc4 Rc8 16. Bxe6 fxe6 17. c4 O-O 18. Rd1 Be7 19. Qc3 Qc6 20. Nd2 Nf4 21. Nxf4
Rxf4 22. O-O Rcf8 23. b4 Qe8 24. Rde1 Qh5 25. Qd3 R8f6 26. Kh2 Rxf2 27. Rxf2
Rxf2 28. Rf1 Qe2 29. Qxe2 Rxe2 30. Rd1 Bg5 31. Nf3 Bf4+ 32. Kg1 Rxe4 33. Rxd6
Rxc4 34. Rxe6 Rc3 35. Re7 b5 36. Nh4 Bg5 37. Re8+ Kf7 38. Ra8 Bxh4 39. Rxa6 e4
40. Ra7+ Kg6 41. Rb7 e3 0-1

[Event "12. Lovsprings EMT Basis 2 2001"]
[Site "Ringsted"]
[Date "2001.03.02"]
[Round "1"]
[White "Nielsen, Poul Erik2"]
[Black "Nilsson, Jonas Gosta"]
[Result "0-1"]
[WhiteElo "1399"]
[BlackElo "1558"]
[PlyCount "172"]
[EventDate "2001.??.??"]

1. Nf3 Nf6 2. c4 e6 3. d4 c5 4. Nc3 cxd4 5. Qxd4 Nc6 6. Qd1 Bb4 7. Bd2 O-O 8.
e3 a6 9. Bd3 d5 10. cxd5 Nxd5 11. Qc2 h6 12. Rd1 Bxc3 13. Bxc3 Kh8 14. Be2 Qc7
15. a3 Nxc3 16. Qxc3 Bd7 17. O-O Rac8 18. Rc1 Rfd8 19. Rfd1 Qb6 20. b4 Ne7 21.
Qb2 Ba4 22. Rxd8+ Rxd8 23. Ne5 Kg8 24. Qb1 Nf5 25. Qe4 Bb5 26. Bf3 Nd6 27. Qf4
f6 28. Ng6 Kh7 29. Nh4 e5 30. Be4+ Nxe4 31. Qxe4+ Kg8 32. Qg6 Qd6 33. h3 Bd3
34. Nf5 Bxf5 35. Qxf5 Qd7 36. Qc2 Qd3 37. Qc7 Rd7 38. Qc4+ Qxc4 39. Rxc4 Rd3
40. a4 Rd1+ 41. Kh2 Rb1 42. a5 Kh7 43. h4 h5 44. Kg3 Kh6 45. f4 Rb3 46. Kf3
exf4 47. Rxf4 Rc3 48. g3 Rc6 49. Rd4 b6 50. axb6 Rxb6 51. Ke2 Rb5 52. Kd3 a5
53. bxa5 Rxa5 54. Ke4 Kg6 55. Kf3 Ra1 56. Kg2 Ra5 57. g4 hxg4 58. Rxg4+ Kh6 59.
Kf3 g6 60. Rd4 Kh5 61. Kg3 Ra1 62. Kg2 Re1 63. Kf3 Rf1+ 64. Kg2 Rf5 65. Kg3 Re5
66. Kf3 f5 67. Kf4 Ra5 68. Kf3 Ra3 69. Ke2 Ra2+ 70. Kf3 Rh2 71. Kg3 Rh1 72. Rc4
Rg1+ 73. Kh3 Re1 74. Rc3 Rh1+ 75. Kg3 Rxh4 76. Rc8 Re4 77. Kf3 Ra4 78. Rd8 g5
79. Rh8+ Kg6 80. Rg8+ Kh6 81. Rh8+ Kg7 82. Rh1 Ra3 83. Re1 Kf6 84. Kg2 Ke5 85.
Kf2 Ke4 86. Ke2 Rxe3+ 0-1

[Event "12. Lovsprings EMT Basis 2 2001"]
[Site "Ringsted"]
[Date "2001.03.02"]
[Round "1"]
[White "Jorgensen, Morten"]
[Black "Jensen, Dan Bronnum"]
[Result "1-0"]
[WhiteElo "1357"]
[BlackElo "1339"]
[PlyCount "87"]
[EventDate "2001.??.??"]

1. d4 Nf6 2. c4 e5 3. dxe5 Ng4 4. Nf3 Nc6 5. Nc3 Ngxe5 6. e4 d6 7. Be2 Be6 8.
b3 Be7 9. O-O Qd7 10. Be3 Bf6 11. Rc1 O-O 12. Qd2 Ng4 13. Bf4 Nge5 14. Rfd1 b6
15. Bxe5 Bxe5 16. Nxe5 Nxe5 17. f4 Nc6 18. f5 Bxf5 19. exf5 Qxf5 20. Bf3 Qd7
21. Re1 Rad8 22. Rcd1 Ne7 23. Nd5 Ng6 24. Qg5 Rfe8 25. Bg4 h6 26. Qh5 Qc6 27.
Bf3 Qc5+ 28. Kh1 Qf2 29. Rf1 Qxa2 30. Nxc7 Re5 31. Qg4 Qxb3 32. Bd5 Re7 33.
Qxg6 Rxc7 34. Bxf7+ Rxf7 35. Qxf7+ Kh8 36. Qxa7 Qxc4 37. Qxb6 Rd7 38. Qe3 Rd8
39. Qd4 Qa6 40. Rf7 Rg8 41. Qxd6 Qa2 42. Rf8 Rxf8 43. Qxf8+ Kh7 44. Qf5+ 1-0

[Event "12. Lovsprings EMT Basis 2 2001"]
[Site "Ringsted"]
[Date "2001.03.09"]
[Round "2"]
[White "Elholm, Tommy"]
[Black "Jorgensen, Michael2"]
[Result "1-0"]
[WhiteElo "1606"]
[BlackElo "1321"]
[PlyCount "185"]
[EventDate "2001.??.??"]

1. d4 Nf6 2. c4 c5 3. d5 d6 4. Nc3 e6 5. e4 exd5 6. exd5 Nbd7 7. Nf3 Be7 8. Bd3
a6 9. O-O O-O 10. h3 Re8 11. a4 Nf8 12. Ra3 Bd7 13. Bd2 Ng6 14. Bb1 Qc8 15. Ne2
Nh5 16. Bxg6 fxg6 17. Nh2 b5 18. cxb5 axb5 19. a5 b4 20. Ra1 Qb7 21. Be3 Bb5
22. Re1 Bd8 23. Nf4 Nxf4 24. Bxf4 Rxe1+ 25. Qxe1 Rxa5 26. Rxa5 Bxa5 27. Qe6+
Qf7 28. Qxd6 Qf8 29. Qe6+ Qf7 30. Qe5 Qe8 31. Nf3 Qxe5 32. Bxe5 h6 33. Bd6 Bc4
34. Bxc5 Bxd5 35. Ne5 g5 36. f3 b3 37. Kf2 Bc7 38. Nd3 Kf7 39. Ke3 g6 40. Kd4
Be6 41. Kc3 Kf6 42. Bd4+ Ke7 43. Kb4 Bf4 44. Kc3 Bc7 45. Bc5+ Kf6 46. Nc1 Be5+
47. Bd4 Bxd4+ 48. Kxd4 Kf5 49. Nd3 h5 50. g4+ Kf6 51. Nc5 Bf7 52. Ne4+ Ke7 53.
Nxg5 Bg8 54. f4 Kd6 55. Ne4+ Ke6 56. Kc5 Ke7 57. Kd4 Ke6 58. Nd2 Kd6 59. Nc4+
Ke6 60. Ne5 hxg4 61. hxg4 Kf6 62. Nd7+ Ke6 63. Nc5+ Kf6 64. Ne4+ Ke6 65. Ng5+
Kd6 66. Nf3 Ke6 67. Kc5 Ke7 68. Nd4 Kf6 69. g5+ Ke7 70. Kb4 Kd6 71. Kc3 Kd5 72.
Kd3 Kd6 73. Nf3 Ke6 74. Ke4 Kd6 75. Nh4 Bd5+ 76. Kd4 Bf7 77. f5 gxf5 78. Nxf5+
Ke6 79. Ng7+ Kd6 80. Ke4 Kc5 81. Nf5 Bd5+ 82. Ke5 Bg8 83. g6 Kc4 84. Ne7 Kd3
85. Nxg8 Kc2 86. g7 Kxb2 87. Nf6 Kc2 88. g8=Q b2 89. Qc4+ Kb1 90. Ne4 Ka1 91.
Qa4+ Kb1 92. Nc3+ Kc1 93. Qd1# 1-0

[Event "12. Lovsprings EMT Basis 2 2001"]
[Site "Ringsted"]
[Date "2001.03.09"]
[Round "2"]
[White "Jorgensen, Morten"]
[Black "Eckert, Svend"]
[Result "1/2-1/2"]
[WhiteElo "1357"]
[BlackElo "1642"]
[PlyCount "105"]
[EventDate "2001.??.??"]

1. d4 Nf6 2. c4 d5 3. cxd5 Nxd5 4. e4 Nb6 5. Nc3 e6 6. Nf3 Be7 7. Be3 O-O 8.
Be2 N8d7 9. O-O Nf6 10. Qc2 c6 11. Rfd1 Qc7 12. h3 Bd7 13. Bd3 g6 14. Rac1 Rac8
15. Qd2 Nh5 16. g4 Ng7 17. Bf4 Qd8 18. Be5 f6 19. Bg3 f5 20. gxf5 exf5 21. e5
Ne6 22. Ne2 Nd5 23. Bc4 Kh8 24. Bxd5 cxd5 25. Rxc8 Qxc8 26. Rc1 Bc6 27. Nf4 Rg8
28. Nxd5 Qd8 29. Nxe7 Qxe7 30. d5 Rd8 31. d6 Qg7 32. Nd4 Qf7 33. Nxc6 bxc6 34.
Rxc6 Qd7 35. Rc3 g5 36. f4 gxf4 37. Bxf4 Rg8+ 38. Rg3 Rg6 39. Rxg6 hxg6 40. Bg5
a6 41. Bf6+ Kg8 42. Qh6 Qa7+ 43. Kg2 Qb7+ 44. Kg1 Qb6+ 45. Kf1 Qb5+ 46. Ke1
Qb4+ 47. Qd2 Qe4+ 48. Kd1 Nd4 49. d7 Qb1+ 50. Qc1 Qd3+ 51. Qd2 Qf1+ 52. Qe1
Qd3+ 53. Qd2 1/2-1/2

[Event "12. Lovsprings EMT Basis 2 2001"]
[Site "Ringsted"]
[Date "2001.03.09"]
[Round "2"]
[White "Jensen, Dan Bronnum"]
[Black "Christensen, Michael"]
[Result "1-0"]
[WhiteElo "1339"]
[BlackElo "1358"]
[PlyCount "83"]
[EventDate "2001.??.??"]

1. e4 c5 2. Nf3 d6 3. b4 cxb4 4. a3 a6 5. axb4 e6 6. d4 Be7 7. Bd3 Nf6 8. O-O
b5 9. Bxb5+ Nbd7 10. Bd3 O-O 11. c4 Bb7 12. Re1 d5 13. e5 Bxb4 14. Bd2 Bxd2 15.
Nbxd2 Ne8 16. c5 Nb8 17. Qb1 Qc8 18. Bxh7+ Kh8 19. Bd3 Nc6 20. Qb6 Rb8 21. Qb1
a5 22. Qc1 Nc7 23. Be2 Ba6 24. Bxa6 Qxa6 25. Qc3 Nb5 26. Qe3 Nb4 27. Rec1 f6
28. exf6 gxf6 29. Qh6+ Kg8 30. Qg6+ Kh8 31. h4 Rb7 32. Qb1 Nc6 33. Qd3 Nb4 34.
Qe3 Nc6 35. Qxe6 Nc7 36. Qe3 Ne8 37. Qh6+ Kg8 38. Qg6+ Rg7 39. Qf5 Qe2 40. Re1
Nxd4 41. Nxd4 Qxd2 42. Ne6 1-0

[Event "12. Lovsprings EMT Basis 2 2001"]
[Site "Ringsted"]
[Date "2001.03.09"]
[Round "2"]
[White "Pedersen, Kaj Vinding"]
[Black "Nilsson, Jonas Gosta"]
[Result "1-0"]
[WhiteElo "1513"]
[BlackElo "1558"]
[PlyCount "71"]
[EventDate "2001.??.??"]

1. d4 Nf6 2. c4 e6 3. a3 b6 4. Bg5 Bb7 5. Nc3 Be7 6. e3 d5 7. Nf3 Nc6 8. cxd5
Nxd5 9. Bxe7 Ncxe7 10. Rc1 O-O 11. g3 Rc8 12. Bg2 Nxc3 13. Rxc3 Qd6 14. O-O
Rfd8 15. Qc1 Nd5 16. Rc2 Ba6 17. Re1 c5 18. dxc5 bxc5 19. Rd1 Qb6 20. Ne5 Bb5
21. b4 c4 22. Rd4 c3 23. Bxd5 exd5 24. Rxc3 Qa6 25. Rxd5 Re8 26. Rdc5 Rcd8 27.
Nc6 Bxc6 28. Rxc6 Qa4 29. Qc2 Qb5 30. Rc7 Qd5 31. Qe2 g6 32. Qg4 h5 33. Qc4 Qf3
34. Rc1 Kg7 35. Rf1 Rd2 36. Qc3+ 1-0

[Event "12. Lovsprings EMT Basis 2 2001"]
[Site "Ringsted"]
[Date "2001.03.09"]
[Round "2"]
[White "Jensen, Soren3"]
[Black "Petersen, Torben William"]
[Result "1-0"]
[WhiteElo "1501"]
[BlackElo "1389"]
[PlyCount "53"]
[EventDate "2001.??.??"]

1. e4 d5 2. exd5 Qxd5 3. Nf3 Nf6 4. b3 Bg4 5. Nc3 Qa5 6. h3 Bf5 7. Bb2 e6 8.
Bc4 Be7 9. Nh4 Bg6 10. Nxg6 hxg6 11. Qf3 c6 12. Ne4 Nbd7 13. Bc3 Qc7 14. O-O-O
Nxe4 15. Qxe4 Bf6 16. Rhe1 O-O-O 17. Qe3 Bxc3 18. dxc3 Nf6 19. Qxa7 Nd7 20. Qa3
Qf4+ 21. Kb1 Qxf2 22. Rf1 Qxg2 23. Rxf7 Qxh3 24. Qd6 Rhf8 25. Bxe6 Rxf7 26.
Bxh3 g5 27. Be6 1-0

[Event "12. Lovsprings EMT Basis 2 2001"]
[Site "Ringsted"]
[Date "2001.03.12"]
[Round "2"]
[White "Nielsen, Poul Erik2"]
[Black "Wagner, Tim"]
[Result "1/2-1/2"]
[WhiteElo "1399"]
[BlackElo "1517"]
[PlyCount "121"]
[EventDate "2001.??.??"]

1. Nf3 d5 2. d4 Nc6 3. c4 dxc4 4. e4 Bg4 5. Bxc4 e6 6. Be3 Bb4+ 7. Nc3 a6 8. a3
Ba5 9. d5 Bxf3 10. gxf3 exd5 11. exd5 Bxc3+ 12. bxc3 Ne5 13. Be2 Qd6 14. Qa4+
c6 15. dxc6 Qxc6 16. Qxc6+ Nxc6 17. Rd1 Rd8 18. Bb6 Rxd1+ 19. Bxd1 Nge7 20. O-O
O-O 21. Bc5 Rd8 22. Re1 Nd5 23. c4 Nf4 24. Ba4 Nd3 25. Bb6 Nxe1 26. Bxc6 Rd6
27. Ba5 Nc2 28. Bd5 Rd7 29. a4 Re7 30. Be4 Nd4 31. Bb4 Rc7 32. c5 Ne6 33. Kg2
b5 34. cxb6 Rc4 35. Bd6 Nf8 36. a5 g6 37. Bb7 Nd7 38. Bxa6 Rc1 39. Bc7 Rb1 40.
Bd3 Rb3 41. Be4 Nc5 42. Ba8 Rb5 43. b7 Nxb7 44. Bxb7 Rxb7 45. Bb6 f5 46. f4 Kf7
47. Kf3 h5 48. h4 Ke6 49. Ke3 Kd5 50. Kd3 Kc6 51. Kd4 Rd7+ 52. Ke5 Kb5 53. Ke6
Rd1 54. Kf7 Rd6 55. Kg7 Rc6 56. Kh6 Kc4 57. Kg5 Kd5 58. Bd8 Re6 59. Bf6 Ke4 60.
Be5 Kf3 61. Bd4 1/2-1/2

[Event "12. Lovsprings EMT Basis 2 2001"]
[Site "Ringsted"]
[Date "2001.03.16"]
[Round "3"]
[White "Eckert, Svend"]
[Black "Pedersen, Kaj Vinding"]
[Result "1-0"]
[WhiteElo "1642"]
[BlackElo "1513"]
[PlyCount "123"]
[EventDate "2001.??.??"]

1. c4 Nf6 2. Nc3 g6 3. d4 d5 4. cxd5 Nxd5 5. e4 Nxc3 6. bxc3 Bg7 7. Nf3 O-O 8.
Bb2 b6 9. Bd3 Ba6 10. O-O Bxd3 11. Qxd3 c5 12. d5 Nc6 13. Qc2 Ne5 14. Nxe5 Bxe5
15. f4 Bg7 16. Rad1 c4 17. e5 Qc7 18. Ba3 Rfd8 19. Rd2 Qb7 20. Rfd1 Bf8 21. Qe4
Qa6 22. Bb4 b5 23. Bc5 Rac8 24. Bd4 Qb7 25. Bf2 e6 26. Qf3 exd5 27. Rxd5 Rxd5
28. Rxd5 Qa6 29. Rd2 Qa3 30. Bd4 Bc5 31. h4 Bxd4+ 32. Rxd4 Qxa2 33. h5 Qb1+ 34.
Kh2 Qf5 35. g4 Qc2+ 36. Kh3 gxh5 37. f5 h4 38. Qe3 Re8 39. f6 Qg6 40. Kxh4 h6
41. Re4 Rd8 42. Qf4 Re8 43. Re3 Re6 44. Qd4 a6 45. Kh3 Kh7 46. Rf3 Qg8 47. Qe4+
Qg6 48. Rf5 Kh8 49. Kh4 Re8 50. Qf4 Re6 51. Rh5 Kh7 52. g5 Kg8 53. Rxh6 Qb1 54.
Qf3 Qe1+ 55. Kg4 Rxe5 56. g6 Qe4+ 57. Qxe4 Rxe4+ 58. Kf5 Re1 59. g7 Rf1+ 60.
Ke5 Re1+ 61. Kd5 Rd1+ 62. Kc5 1-0

[Event "12. Lovsprings EMT Basis 2 2001"]
[Site "Ringsted"]
[Date "2001.03.16"]
[Round "3"]
[White "Jensen, Dan Bronnum"]
[Black "Nielsen, Poul Erik2"]
[Result "1/2-1/2"]
[WhiteElo "1339"]
[BlackElo "1399"]
[PlyCount "156"]
[EventDate "2001.??.??"]

1. e4 c5 2. Nf3 Nc6 3. d4 cxd4 4. Nxd4 a6 5. Nc3 e6 6. Be2 g6 7. Nxc6 bxc6 8.
Qd4 Qf6 9. e5 Qd8 10. Ne4 Qa5+ 11. Bd2 Qd5 12. Qxd5 cxd5 13. Ng3 d6 14. Bf4
dxe5 15. Bxe5 f6 16. Bc3 Rb8 17. Rb1 e5 18. O-O Bd6 19. Rfd1 d4 20. Be1 Bc5 21.
Ne4 Ba7 22. Nd6+ Ke7 23. Ne4 f5 24. Nd2 Be6 25. b3 a5 26. Nf3 Kf6 27. Bxa5 Bc5
28. a4 Rb7 29. Bd8+ Ne7 30. Ba5 Bd7 31. Bd2 f4 32. a5 Nd5 33. Re1 Re8 34. Bd3
Nb4 35. Be4 Ra7 36. Ra1 Bf5 37. Bxf5 gxf5 38. Rec1 Rea8 39. Bxb4 Bxb4 40. Ra4
Bc3 41. b4 Rb8 42. Rb1 e4 43. Ne1 Rc8 44. Kf1 Bxe1 45. Kxe1 Rxc2 46. b5 d3 47.
b6 Rd7 48. b7 Rc1+ 49. Rxc1 d2+ 50. Kd1 dxc1=Q+ 51. Kxc1 Rxb7 52. Rc4 Ra7 53.
Rc5 Ke6 54. Kc2 Ra6 55. g3 e3 56. fxe3 fxe3 57. Kd3 e2 58. Kxe2 Rd6 59. Rb5 Rd7
60. Ke3 Kf6 61. h4 Re7+ 62. Kf3 Re1 63. Rb6+ Ke5 64. a6 Ra1 65. Rh6 Ra3+ 66.
Kg2 Ra2+ 67. Kh3 Ra3 68. Rxh7 Rxa6 69. h5 Re6 70. Kh4 f4 71. gxf4+ Kxf4 72.
Rf7+ Ke5 73. Kg5 Re8 74. Kg6 Ke6 75. Kg7 Rh8 76. Rf6+ Ke7 77. h6 Rh7+ 78. Kg6
Rxh6+ 1/2-1/2

[Event "12. Lovsprings EMT Basis 2 2001"]
[Site "Ringsted"]
[Date "2001.03.16"]
[Round "3"]
[White "Jorgensen, Michael2"]
[Black "Nilsson, Jonas Gosta"]
[Result "1-0"]
[WhiteElo "1321"]
[BlackElo "1558"]
[PlyCount "53"]
[EventDate "2001.??.??"]

1. d4 Nf6 2. c4 e6 3. Nc3 Bb4 4. Bg5 b6 5. Nf3 Bb7 6. e3 d6 7. Qa4+ Nc6 8. d5
Bxc3+ 9. bxc3 h6 10. dxc6 Bc8 11. Bh4 g5 12. Bg3 Ne4 13. Qc2 f5 14. Bd3 Nc5 15.
Nd4 Rf8 16. f4 e5 17. Nb3 Nxd3+ 18. Qxd3 Qe7 19. O-O e4 20. Qe2 g4 21. a4 a5
22. Rfd1 h5 23. Nd4 Qh7 24. Nb5 Be6 25. Rd4 O-O-O 26. c5 dxc5 27. Na7+ 1-0

[Event "12. Lovsprings EMT Basis 2 2001"]
[Site "Ringsted"]
[Date "2001.03.16"]
[Round "3"]
[White "Elholm, Tommy"]
[Black "Jorgensen, Morten"]
[Result "0-1"]
[WhiteElo "1606"]
[BlackElo "1357"]
[PlyCount "64"]
[EventDate "2001.??.??"]

1. d4 Nf6 2. c4 g6 3. Nc3 d5 4. cxd5 Nxd5 5. e4 Nxc3 6. bxc3 Bg7 7. Nf3 c5 8.
Be2 Nc6 9. Be3 Bg4 10. e5 Qa5 11. Qd2 Rd8 12. Bf4 cxd4 13. cxd4 Qxd2+ 14. Bxd2
Bxf3 15. Bxf3 Nxd4 16. Bd1 Bxe5 17. Rb1 b6 18. Ba4+ Kf8 19. Bh6+ Bg7 20. Be3 h5
21. Rd1 e5 22. O-O Bh6 23. Rfe1 Bxe3 24. Rxe3 f6 25. Rc1 Ne6 26. Rce1 Nc5 27.
Bc2 Kg7 28. Rg3 g5 29. h4 g4 30. f3 Rd4 31. Bf5 Kf7 32. Rc1 gxf3 0-1

[Event "12. Lovsprings EMT Basis 2 2001"]
[Site "Ringsted"]
[Date "2001.03.16"]
[Round "3"]
[White "Christensen, Michael"]
[Black "Petersen, Torben William"]
[Result "0-1"]
[WhiteElo "1358"]
[BlackElo "1389"]
[PlyCount "118"]
[EventDate "2001.??.??"]

1. e4 d5 2. exd5 Qxd5 3. Nc3 Qa5 4. d3 Nf6 5. Bd2 c6 6. Nf3 Bg4 7. Be2 e6 8.
O-O Bb4 9. a3 Be7 10. Re1 Nbd7 11. Nd4 Bxe2 12. Qxe2 O-O 13. Nxe6 fxe6 14.
Qxe6+ Rf7 15. Qb3 Qb6 16. Qa2 Bc5 17. Be3 Bxe3 18. Rxe3 Raf8 19. h3 Kh8 20.
Rae1 Qd8 21. Qb3 Nb6 22. R3e2 h6 23. a4 Nfd5 24. Nd1 Qg5 25. Re5 Re7 26. d4
Rxe5 27. Rxe5 Qc1 28. Re1 Qd2 29. Rf1 Re8 30. c4 Nf6 31. c5 Nbd5 32. Qxb7 Qxd4
33. Qxc6 Qb4 34. Kh2 Re1 35. Rxe1 Qxe1 36. Ne3 Nxe3 37. fxe3 Qxe3 38. Qa8+ Kh7
39. Qxa7 Qe5+ 40. Kh1 Qxb2 41. Qa5 Nd5 42. Qe1 Qc2 43. Qg1 Nf4 44. Qf1 Qe4 45.
Qf3 Qxa4 46. g3 Qa1+ 47. Kh2 Qb2+ 48. Kh1 Qc1+ 49. Kh2 Qd2+ 50. Kh1 Qc1+ 51.
Kh2 Qc2+ 52. Kh1 Nxh3 53. c6 Ng5 54. Qd5 Qe4+ 55. Qxe4+ Nxe4 56. Kg2 Nd6 57.
Kf3 Kg6 58. Kf4 Kf6 59. g4 g6 0-1

[Event "12. Lovsprings EMT Basis 2 2001"]
[Site "Ringsted"]
[Date "2001.03.16"]
[Round "3"]
[White "Jensen, Soren3"]
[Black "Wagner, Tim"]
[Result "1/2-1/2"]
[WhiteElo "1501"]
[BlackElo "1517"]
[PlyCount "55"]
[EventDate "2001.??.??"]

1. e4 e5 2. Nf3 d6 3. Nc3 Nf6 4. d4 exd4 5. Nxd4 Bd7 6. Bd3 Nc6 7. Nde2 Ne5 8.
O-O Be7 9. Bf4 O-O 10. Ng3 Bg4 11. Be2 Bxe2 12. Qxe2 Qd7 13. Rad1 Qg4 14. Bxe5
Qxe2 15. Ncxe2 dxe5 16. f3 Bc5+ 17. Kh1 Rad8 18. a3 a5 19. Nc3 c6 20. Na4 Ba7
21. h3 g6 22. Nc3 b5 23. a4 b4 24. Nb1 Bb6 25. b3 Rd7 26. Rxd7 Nxd7 27. Rd1 Rd8
28. Nf1 1/2-1/2

[Event "12. Lovsprings EMT Basis 2 2001"]
[Site "Ringsted"]
[Date "2001.03.23"]
[Round "4"]
[White "Jorgensen, Michael2"]
[Black "Eckert, Svend"]
[Result "0-1"]
[WhiteElo "1321"]
[BlackElo "1642"]
[PlyCount "136"]
[EventDate "2001.??.??"]

1. d4 Nf6 2. Nf3 d6 3. c4 Bf5 4. Nc3 h6 5. a3 Nbd7 6. e3 e5 7. Be2 e4 8. Nd2 c6
9. b4 Rc8 10. Bb2 Be7 11. Qb3 O-O 12. h3 Re8 13. g4 Bh7 14. h4 g5 15. O-O-O d5
16. c5 Kg7 17. hxg5 hxg5 18. Rdg1 Rh8 19. Qd1 Qc7 20. Nf1 Bg6 21. Ng3 Rcg8 22.
Qf1 Qc8 23. f4 exf3 24. Qxf3 Rxh1 25. Rxh1 Rh8 26. e4 dxe4 27. Ncxe4 Nd5 28.
Bc4 Rxh1+ 29. Qxh1 N7f6 30. Nxf6 Bxf6 31. Qf3 Qe6 32. Kd2 Bd8 33. Bxd5 cxd5 34.
Ne2 f6 35. Nc3 Be4 36. Qe2 Bc7 37. Nxe4 dxe4 38. Kc2 Bf4 39. Qb5 Qc8 40. d5 e3
41. Qe2 a5 42. Bd4 axb4 43. axb4 Qe8 44. Kb3 Qe4 45. Kc3 Qxd5 46. Bxe3 Be5+ 47.
Kc2 Qa2+ 48. Kd3 Qb3+ 49. Ke4 Qxb4+ 50. Kf3 Qb3 51. Qd2 Qe6 52. Bxg5 fxg5 53.
Qxg5+ Kf7 54. Qf5+ Qxf5+ 55. gxf5 Bd4 56. Ke4 Bxc5 57. Kd5 b6 58. Ke5 Bf2 59.
Ke4 Kf6 60. Kf3 Bg1 61. Kf4 b5 62. Ke4 b4 63. Kd3 Bc5 64. Kc4 Kxf5 65. Kd3 Ke5
66. Kc4 Ke4 67. Kb3 Kd3 68. Kb2 Kc4 0-1

[Event "12. Lovsprings EMT Basis 2 2001"]
[Site "Ringsted"]
[Date "2001.03.23"]
[Round "4"]
[White "Wagner, Tim"]
[Black "Jensen, Dan Bronnum"]
[Result "1-0"]
[WhiteElo "1517"]
[BlackElo "1339"]
[PlyCount "103"]
[EventDate "2001.??.??"]

1. e4 c5 2. Bc4 Nc6 3. Nc3 Nf6 4. Nf3 e6 5. d3 h6 6. a3 a6 7. a4 Be7 8. h3 d5
9. exd5 exd5 10. Bb3 Be6 11. Ne2 Qc7 12. Nf4 Qd6 13. Nxe6 Qxe6+ 14. Qe2 Qd6 15.
Bd2 O-O 16. O-O Bd8 17. Rfe1 Bc7 18. g3 Qd7 19. Qf1 Qf5 20. Nh4 Qd7 21. c3 b5
22. axb5 axb5 23. Qg2 c4 24. Bc2 Rxa1 25. Rxa1 Rb8 26. d4 Qe7 27. Re1 Qf8 28.
b4 Re8 29. Qf3 Rxe1+ 30. Bxe1 Qe7 31. Bd2 Ne4 32. Bc1 Qe6 33. Bxe4 dxe4 34. Qf5
Qxf5 35. Nxf5 Kf8 36. Bf4 Bxf4 37. gxf4 h5 38. Nd6 Na7 39. Nxe4 Ke7 40. f5 Nc8
41. Kg2 Nb6 42. Kg3 g6 43. fxg6 fxg6 44. Kh4 Nd5 45. Kg5 Kf7 46. Nd6+ Kg7 47.
Nxb5 Nf6 48. Nd6 Nh7+ 49. Kh4 Nf6 50. b5 Nd5 51. Nxc4 Nxc3 52. b6 1-0

[Event "12. Lovsprings EMT Basis 2 2001"]
[Site "Ringsted"]
[Date "2001.03.23"]
[Round "4"]
[White "Christensen, Michael"]
[Black "Nielsen, Poul Erik2"]
[Result "1/2-1/2"]
[WhiteElo "1358"]
[BlackElo "1399"]
[PlyCount "83"]
[EventDate "2001.??.??"]

1. e4 c5 2. Nf3 Nc6 3. d4 cxd4 4. Nxd4 e6 5. Nc3 a6 6. Bc4 Bb4 7. Nxc6 bxc6 8.
Bd2 d5 9. exd5 cxd5 10. Bb3 Bd7 11. O-O Nf6 12. Re1 O-O 13. a3 Bd6 14. Bg5 h6
15. Bh4 Bc6 16. Qf3 Be7 17. Rad1 Qc8 18. Qd3 Rd8 19. Qe2 d4 20. Bxf6 Bxf6 21.
Ne4 Bxe4 22. Qxe4 Rb8 23. Qd3 a5 24. a4 Qc5 25. Qg3 e5 26. Rd3 Qe7 27. Qf3 Re8
28. Rxd4 Rb4 29. Rxb4 Qxb4 30. Qe2 e4 31. Rb1 e3 32. f3 Rd8 33. Kf1 Qd2 34. Re1
Bg5 35. g3 Qd6 36. Bc4 Qd2 37. Bd3 Qb4 38. b3 Qd4 39. Rd1 Kh8 40. Re1 Re8 41.
Rd1 Rd8 42. Re1 1/2-1/2

[Event "12. Lovsprings EMT Basis 2 2001"]
[Site "Ringsted"]
[Date "2001.03.23"]
[Round "4"]
[White "Jensen, Soren3"]
[Black "Elholm, Tommy"]
[Result "1-0"]
[WhiteElo "1501"]
[BlackElo "1606"]
[PlyCount "85"]
[EventDate "2001.??.??"]

1. f4 c5 2. Nf3 Nc6 3. b3 d5 4. Bb2 Qc7 5. e3 Bg4 6. h3 Bh5 7. Nc3 Nf6 8. g4
Bg6 9. Nb5 Qb8 10. Ne5 d4 11. exd4 Be4 12. Rg1 a6 13. Nc3 Nxd4 14. Nxe4 Nxe4
15. Bc4 e6 16. Bxd4 cxd4 17. Qf3 Nd6 18. Bf1 Be7 19. Bg2 Bh4+ 20. Ke2 Qc7 21.
Rac1 Be7 22. Qf2 Nb5 23. a4 Na3 24. Rgf1 f6 25. Nd3 O-O 26. Qxd4 Rab8 27. Qc3
Qb6 28. b4 e5 29. Qxa3 exf4 30. Qb3+ Kh8 31. Rxf4 Bd6 32. Re4 Rfe8 33. Re1 Bg3
34. Rf1 Rbd8 35. Nc5 Be5 36. Re1 a5 37. Qc4 Qd6 38. Nd3 Bh2 39. Kd1 Rxe4 40.
Qxe4 h6 41. Qxb7 Qd4 42. Qc6 Be5 43. Qc3 1-0

[Event "12. Lovsprings EMT Basis 2 2001"]
[Site "Ringsted"]
[Date "2001.03.23"]
[Round "4"]
[White "Pedersen, Kaj Vinding"]
[Black "Jorgensen, Morten"]
[Result "1/2-1/2"]
[WhiteElo "1513"]
[BlackElo "1357"]
[PlyCount "56"]
[EventDate "2001.??.??"]

1. d4 Nf6 2. Nf3 g6 3. c4 d5 4. Bf4 dxc4 5. Qa4+ Nc6 6. Qxc4 Be6 7. Qa4 Bg7 8.
e3 Nh5 9. Bg3 Nxg3 10. hxg3 h6 11. Bb5 Bd7 12. Nc3 a6 13. Bxc6 Bxc6 14. Qc2 O-O
15. O-O e6 16. Rac1 Rc8 17. Rfd1 b6 18. b4 Bb7 19. a4 Qe7 20. Qb3 Rfd8 21. b5
axb5 22. Nxb5 c5 23. dxc5 Rxd1+ 24. Qxd1 bxc5 25. Qd6 Bf8 26. Qe5 Bg7 27. Qd6
Bf8 28. Qe5 Bg7 1/2-1/2

[Event "12. Lovsprings EMT Basis 2 2001"]
[Site "Ringsted"]
[Date "2001.03.23"]
[Round "4"]
[White "Nilsson, Jonas Gosta"]
[Black "Petersen, Torben William"]
[Result "1/2-1/2"]
[WhiteElo "1558"]
[BlackElo "1389"]
[PlyCount "74"]
[EventDate "2001.??.??"]

1. e4 d5 2. exd5 Qxd5 3. Nc3 Qa5 4. d4 Nf6 5. Bc4 Bf5 6. a3 c6 7. Bf4 e6 8.
Nge2 Be7 9. O-O Nbd7 10. b4 Qd8 11. Bb3 O-O 12. Ng3 Bg6 13. Nce2 Re8 14. c4 a6
15. Re1 Nh5 16. Nxh5 Bxh5 17. f3 Bf6 18. Ng3 Bg6 19. Ne4 Bxe4 20. fxe4 e5 21.
Be3 exd4 22. Bxd4 Bxd4+ 23. Qxd4 Ne5 24. Rad1 Qxd4+ 25. Rxd4 Rad8 26. Red1 Rxd4
27. Rxd4 f6 28. h3 Kf8 29. c5 Ke7 30. Kf2 Rd8 31. Rxd8 Kxd8 32. Be6 Kc7 33. Ke3
b6 34. Kd4 b5 35. Bb3 Kb7 36. a4 h6 37. a5 Kc7 1/2-1/2